000 01067cam a2200313 a 4500
999 _c234084
_d234084
001 11861380
003 Nust
005 20170313132331.0
008 990921s1999 ii 000 1 eng
010 _a 99939195
020 _a9780140289190
025 _aI-E-99-939195; 27
035 _a(DLC) 99939195
037 _bLibrary of Congress -- New Delhi Field Office
_cRs395.00
040 _aDLC
_cDLC
_dDLC
042 _alcode
050 0 0 _aPR9499.3.N3
_bT69 1999
082 0 0 _a823.912
_bNAR
100 1 _aNarayan, R. K.,
_d1906-2001.
245 1 2 _aA town called Malgudi :
_bthe finest fiction of R.K. Narayan /
_cedited with an introduction by S. Krishnan.
260 _aNew Delhi ;
_aNew York, NY :
_bViking,
_c1999.
300 _axxii, 642 p. ;
_c23 cm.
650 0 _aMalgudi (India : Imaginary place)
_xFiction.
700 1 _aKrishnan, S.,
_d1925-
906 _a7
_bcbc
_corigode
_d3
_encip
_f19
_gy-gencatlg
942 _2ddc
_cBK